[Event "4NCL/Div2/3CS1 vs. SWD2"]
[Site "Telford ENG"]
[Date "2003.04.12"]
[Round "7.1"]
[White "Arkell, Keith C"]
[Black "Richmond, Peter A"]
[Result "1/2-1/2"]
[WhiteElo "2533"]
[BlackElo "2254"]
[PlyCount "162"]
[EventDate "2003.04.12"]

1. d4 Nf6 2. Nf3 e6 3. c4 c5 4. d5 b5 5. Bg5 Qa5+ 6. Qd2 Qxd2+ 7. Nbxd2 bxc4 8.
e4 Bb7 9. Bxf6 gxf6 10. Bxc4 Na6 11. Nb3 Nc7 12. Rd1 f5 13. d6 fxe4 14. Nxc5
Bd5 15. Bxd5 Nxd5 16. Nxe4 f5 17. Ng3 Rb8 18. b3 Bxd6 19. O-O Bxg3 20. hxg3 Ke7
21. Rfe1 Nc3 22. Rd2 Rhc8 23. g4 fxg4 24. Ne5 d6 25. Nxg4 Rc5 26. Ne3 Rb4 27.
f3 Rh4 28. Rc2 Kd7 29. Kf2 Rd4 30. Nc4 Nd5 31. Ne5+ Kc7 32. Rxc5+ dxc5 33. Nc4
Nf4 34. Rh1 Rd7 35. g3 Nd3+ 36. Ke2 Nb4 37. Rh5 Nxa2 38. Rxc5+ Kd8 39. Ne5 Rb7
40. Nc6+ Kd7 41. Nd4 Kd6 42. Rc2 Nb4 43. Rc8 e5 44. Nf5+ Ke6 45. Ne3 Na2 46.
Rc6+ Kf7 47. Rc2 Nb4 48. Rc1 h5 49. Rc5 Ke6 50. Nc4 Nd5 51. Rc6+ Ke7 52. Nd2
Rb6 53. Rc8 h4 54. gxh4 Rh6 55. Ra8 Rxh4 56. Rxa7+ Ke6 57. Ra6+ Kf5 58. Rd6 Rd4
59. Rh6 Nc3+ 60. Ke1 Rd3 61. Rh5+ Ke6 62. Rh6+ Kf5 63. Rh8 Nb5 64. Rh5+ Kf4 65.
Rh4+ Kf5 66. f4 Nd4 67. fxe5 Kxe5 68. Rh5+ Ke6 69. b4 Nf3+ 70. Nxf3 Rxf3 71.
Kd2 Kd6 72. Rc5 Rh3 73. Kc2 Rg3 74. Rc4 Kd5 75. Rc8 Kd6 76. Kb2 Rh3 77. Rc4 Kd5
78. Rc7 Kd6 79. Rc8 Rg3 80. Kc2 Rh3 81. b5 Rh5 1/2-1/2

[Event "4NCL/Div2/3CS1 vs. SWD2"]
[Site "Telford ENG"]
[Date "2003.04.12"]
[Round "7.2"]
[White "Morris, Charles F"]
[Black "Davies, Nigel R"]
[Result "0-1"]
[WhiteElo "2220"]
[BlackElo "2483"]
[PlyCount "66"]
[EventDate "2003.04.12"]

1. c4 e5 2. Nc3 d6 3. d4 exd4 4. Qxd4 Nf6 5. g3 Nc6 6. Qd2 Be6 7. e4 g6 8. b3
Bg7 9. Bb2 O-O 10. Bg2 a5 11. Rc1 Nd7 12. Nge2 Nc5 13. O-O a4 14. Nxa4 Bxb2 15.
Nxb2 Rxa2 16. Rc3 Qf6 17. Nc1 Ra3 18. Rd1 Rfa8 19. Re3 Ra1 20. f4 Rb1 21. e5
dxe5 22. Qc3 Raa1 23. Bxc6 bxc6 24. b4 Nd7 25. fxe5 Nxe5 26. Rxe5 Rxc1 27. Rxc1
Rxc1+ 28. Qxc1 Qxe5 29. Qd2 h5 30. Kf2 Kh7 31. Qe2 Qc3 32. b5 Bg4 33. Na4 Qf6+
0-1

[Event "4NCL/Div2/3CS1 vs. SWD2"]
[Site "Telford ENG"]
[Date "2003.04.12"]
[Round "7.3"]
[White "James, Dale R"]
[Black "Trevelyan, John"]
[Result "1-0"]
[WhiteElo "2214"]
[BlackElo "2191"]
[PlyCount "53"]
[EventDate "2003.04.12"]

1. e4 d6 2. d4 e5 3. c3 Be7 4. f4 exf4 5. Bxf4 Bg5 6. Bd2 Bxd2+ 7. Nxd2 Qg5 8.
Qe2 Nh6 9. Ngf3 Qg4 10. Qf2 O-O 11. Bd3 Nc6 12. O-O Bd7 13. Rae1 Ne7 14. e5 Nd5
15. h3 Qh5 16. Qg3 f5 17. exd6 f4 18. Qg5 Qxg5 19. Nxg5 Ne3 20. Rf2 cxd6 21.
Nxh7 Rfe8 22. Rxf4 Nf7 23. Bg6 Nf5 24. Rxe8+ Rxe8 25. Bxf5 Bxf5 26. Rxf5 Nh6
27. Nf6+ 1-0

[Event "4NCL/Div2/3CS1 vs. SWD2"]
[Site "Telford ENG"]
[Date "2003.04.12"]
[Round "7.4"]
[White "Spice, Alan"]
[Black "Clarke, Stuart W"]
[Result "1/2-1/2"]
[WhiteElo "2163"]
[BlackElo "2287"]
[PlyCount "60"]
[EventDate "2003.04.12"]

1. Nc3 e6 2. e4 d5 3. exd5 exd5 4. d4 c6 5. Bd3 Bd6 6. Nf3 Bg4 7. O-O Ne7 8.
Kh1 Nd7 9. Bg5 O-O 10. Bh4 f6 11. Bg3 Qc7 12. Re1 Rfe8 13. Bxd6 Qxd6 14. Re3
Nf8 15. Qd2 Nf5 16. Bxf5 Bxf5 17. Rae1 Bd7 18. a3 Re6 19. Rxe6 Nxe6 20. Re3 Re8
21. Ne2 b6 22. Nh4 Nc7 23. Rxe8+ Nxe8 24. Qe3 Qe6 25. Qxe6+ Bxe6 26. Nf4 Kf7
27. Nd3 Nd6 28. h3 a5 29. g4 Bc8 30. Ng2 Ba6 1/2-1/2

[Event "4NCL/Div2/3CS1 vs. SWD2"]
[Site "Telford ENG"]
[Date "2003.04.12"]
[Round "7.5"]
[White "Longson, Alexander"]
[Black "May, Frank"]
[Result "1/2-1/2"]
[WhiteElo "2202"]
[BlackElo "2161"]
[PlyCount "78"]
[EventDate "2003.04.12"]

1. e4 c6 2. d4 d5 3. Nc3 dxe4 4. Nxe4 Nf6 5. Nxf6+ exf6 6. c3 Bd6 7. Bd3 O-O 8.
Qc2 Kh8 9. Ne2 Re8 10. O-O Nd7 11. Ng3 Nf8 12. Bd2 Be6 13. Rae1 c5 14. dxc5
Bxc5 15. Ne4 Bb6 16. c4 Bd4 17. Nc3 Qd7 18. b3 Rad8 19. Be4 Ng6 20. Nb5 Bc5 21.
Be3 Bxe3 22. Rxe3 a6 23. Nc3 f5 24. Bd5 Nf4 25. Bf3 h6 26. Rfe1 Kg8 27. Ne2
Nxe2+ 28. R3xe2 Qc8 29. c5 Bd7 30. b4 g6 31. h3 Rxe2 32. Bxe2 Bc6 33. Bc4 Qd7
34. Qb3 Kg7 35. Kh2 f4 36. f3 g5 37. Qc3+ Qd4 38. Qxd4+ Rxd4 39. Rc1 Rd2
1/2-1/2

[Event "4NCL/Div2/3CS1 vs. SWD2"]
[Site "Telford ENG"]
[Date "2003.04.12"]
[Round "7.6"]
[White "Richmond, Jane"]
[Black "Ashton, Adam G"]
[Result "0-1"]
[WhiteElo "2160"]
[BlackElo "2197"]
[PlyCount "58"]
[EventDate "2003.04.12"]

1. e4 e5 2. Nc3 Nf6 3. g3 d5 4. exd5 Nxd5 5. Bg2 Nxc3 6. bxc3 Bd6 7. Ne2 O-O 8.
O-O Nd7 9. d3 c6 10. c4 Nf6 11. Nc3 Bg4 12. Qe1 Qd7 13. Rb1 h6 14. f3 Bf5 15.
Be3 Rfe8 16. Qf2 Qc7 17. Rb3 b6 18. Rfb1 Nd7 19. Re1 Nc5 20. Rbb1 Ne6 21. Na4
Qe7 22. f4 exf4 23. Bxc6 fxe3 24. Rxe3 Bg6 25. Rbe1 Qc7 26. Bxe8 Rxe8 27. Qf3
Rf8 28. Kg2 Nd4 29. Qd1 Qc6+ 0-1

[Event "4NCL/Div2/3CS1 vs. SWD2"]
[Site "Telford ENG"]
[Date "2003.04.12"]
[Round "7.7"]
[White "Gordon, Stephen J"]
[Black "Brown, Alan M"]
[Result "1/2-1/2"]
[WhiteElo "2189"]
[BlackElo "2133"]
[PlyCount "75"]
[EventDate "2003.04.12"]

1. c4 Nf6 2. g3 e5 3. Bg2 d5 4. cxd5 Nxd5 5. Nf3 Nc6 6. O-O Be7 7. d4 exd4 8.
Nxd4 Nxd4 9. Qxd4 Nf6 10. Qa4+ c6 11. Nc3 O-O 12. Bf4 Be6 13. Qc2 Qa5 14. Ne4
Nxe4 15. Bxe4 h6 16. a3 Rad8 17. b4 Qh5 18. Rfd1 Rxd1+ 19. Rxd1 Rd8 20. Rxd8+
Bxd8 21. Qd3 Be7 22. Bd6 Bc4 23. Qxc4 Bxd6 24. f4 Qg4 25. Qd3 Qe6 26. Bf5 Qe7
27. e4 a5 28. e5 Bc7 29. Qc4 Kf8 30. e6 axb4 31. axb4 Bd6 32. exf7 Bxb4 33. Kg2
b5 34. Qe4 Qxe4+ 35. Bxe4 c5 36. Bc6 Bc3 37. Bxb5 Kxf7 38. Bc4+ 1/2-1/2

[Event "4NCL/Div2/3CS1 vs. SWD2"]
[Site "Telford ENG"]
[Date "2003.04.12"]
[Round "7.8"]
[White "Cast, Jason"]
[Black "Kosteniuk, Oxana"]
[Result "0-1"]
[WhiteElo "1840"]
[BlackElo "2184"]
[PlyCount "102"]
[EventDate "2003.04.12"]

1. e4 c5 2. Nf3 d6 3. d4 cxd4 4. Nxd4 Nf6 5. Nc3 g6 6. Be3 Bg7 7. f3 O-O 8. Qd2
Nc6 9. O-O-O d5 10. Nxc6 bxc6 11. exd5 cxd5 12. Nxd5 Nxd5 13. Qxd5 Qc7 14. Qc4
Qe5 15. Qc3 Qxc3 16. bxc3 Bxc3 17. Bh6 Bg7 18. Bxg7 Kxg7 19. Bc4 Rb8 20. Rd2
Bf5 21. g4 Bc8 22. Rhd1 Bb7 23. Rd3 Bc6 24. Ra3 Rb4 25. Be2 Ba4 26. Rd5 Rc8 27.
Bd1 Rbc4 28. Rd2 R8c7 29. Re3 Kf6 30. h4 h6 31. Rde2 R4c5 32. f4 Bb5 33. Re1 e6
34. Re5 Bc4 35. Rxc5 Rxc5 36. a3 Bd5 37. Re5 Rc4 38. g5+ Kg7 39. gxh6+ Kxh6 40.
h5 Rxf4 41. hxg6 Kxg6 42. Be2 f5 43. Bb5 Kf6 44. Re1 Re4 45. Rxe4 Bxe4 46. c4
Ke5 47. Kd2 Kd4 48. a4 a5 49. Bd7 e5 50. Be6 f4 51. Bf7 Bc6 0-1

[Event "4NCL/Div2/PPA1 vs. WES1"]
[Site "Telford ENG"]
[Date "2003.04.12"]
[Round "7.1"]
[White "Bator, Robert"]
[Black "Poulton, James"]
[Result "1/2-1/2"]
[WhiteElo "2422"]
[BlackElo "2375"]
[PlyCount "44"]
[EventDate "2003.04.12"]

1. d4 Nf6 2. Nf3 c5 3. d5 g6 4. c4 b5 5. cxb5 a6 6. Nc3 axb5 7. e4 b4 8. Nb5 d6
9. e5 dxe5 10. Nxe5 Bg7 11. Bc4 O-O 12. O-O Ne8 13. Re1 Nd6 14. Nxd6 exd6 15.
Nc6 Nxc6 16. dxc6 Ba6 17. Bd5 Rc8 18. Qg4 Bb5 19. Bg5 Bf6 20. Bh6 Bg7 21. Bg5
Bf6 22. Bh6 Bg7 1/2-1/2

[Event "4NCL/Div2/PPA1 vs. WES1"]
[Site "Telford ENG"]
[Date "2003.04.12"]
[Round "7.2"]
[White "Webb, Richard M"]
[Black "Swanson, Stephen"]
[Result "1/2-1/2"]
[WhiteElo "2372"]
[BlackElo "2291"]
[PlyCount "35"]
[EventDate "2003.04.12"]

1. e4 g6 2. d4 Bg7 3. Nc3 d6 4. Be3 a6 5. Qd2 Nd7 6. f4 b5 7. Nf3 Bb7 8. e5 e6
9. Be2 Ne7 10. O-O Nb6 11. Rad1 Nc4 12. Qc1 Nxe3 13. Qxe3 b4 14. Ne4 Qd7 15.
Bd3 a5 16. Qe2 Bxe4 17. Qxe4 O-O 18. Qe2 1/2-1/2

[Event "4NCL/Div2/PPA1 vs. WES1"]
[Site "Telford ENG"]
[Date "2003.04.12"]
[Round "7.3"]
[White "Walker, Martin G"]
[Black "Simons, Martin J"]
[Result "1/2-1/2"]
[WhiteElo "2268"]
[BlackElo "2262"]
[PlyCount "186"]
[EventDate "2003.04.12"]

1. e4 Nc6 2. Nf3 d5 3. exd5 Qxd5 4. Nc3 Qa5 5. d4 Bg4 6. Bb5 e6 7. h3 Bh5 8. g4
Bg6 9. Ne5 Bb4 10. Bxc6+ bxc6 11. Qf3 Qd5 12. Qxd5 cxd5 13. Bd2 Bxc3 14. Bxc3
f6 15. Nxg6 hxg6 16. f3 Ne7 17. Bb4 g5 18. Bxe7 Kxe7 19. Kf2 Kd6 20. Rad1 Rab8
21. b3 c5 22. Kg3 Rhc8 23. c4 dxc4 24. dxc5+ Kxc5 25. Rd7 c3 26. Rc1 Kb4 27.
Rd4+ Ka3 28. Rc2 Rb4 29. Rd3 a5 30. Rdxc3 Rxc3 31. Rxc3 Kxa2 32. Rc5 Kxb3 33.
Rxa5 Rb7 34. h4 gxh4+ 35. Kxh4 Kc4 36. Ra4+ Kd5 37. Kg3 Rc7 38. Ra1 Rc3 39. Kf2
Ke5 40. Re1+ Kd5 41. Rd1+ Kc6 42. Rd8 Rb3 43. Rc8+ Kd5 44. Rc7 g5 45. Ra7 Rc3
46. Ra5+ Rc5 47. Ra6 Ke5 48. Kg3 Rc2 49. Ra5+ Kd4 50. Ra4+ Rc4 51. Ra6 Kd5 52.
Ra5+ Rc5 53. Ra6 Ke5 54. Rb6 Kd5 55. Ra6 Rc6 56. Ra5+ Kd6 57. Ra7 Rc7 58. Ra6+
Ke7 59. Ra5 Kf7 60. Kf2 Rc6 61. Kg3 Kg6 62. Rb5 f5 63. gxf5+ exf5 64. Rb2 Rc3
65. Kg2 Kh5 66. Ra2 Kh4 67. Rb2 Rc4 68. Ra2 Kh5 69. Kg3 Rc6 70. Rh2+ Kg6 71.
Ra2 Kf6 72. Ra5 Kg6 73. Ra2 Rd6 74. Rb2 Kf6 75. Ra2 Rd1 76. Kg2 Ke5 77. Kf2 Rd4
78. Ke3 Rd5 79. Rb2 Rc5 80. Ra2 Rb5 81. Kf2 Rb4 82. Ke3 f4+ 83. Kf2 Kd4 84.
Rd2+ Kc3 85. Rd5 Rb2+ 86. Kf1 Rd2 87. Rxg5 Kd4 88. Ke1 Ra2 89. Rb5 Rc2 90. Rb8
Kd3 91. Re8 Rc1+ 92. Kf2 Rc2+ 93. Ke1 Rc1+ 1/2-1/2

[Event "4NCL/Div2/PPA1 vs. WES1"]
[Site "Telford ENG"]
[Date "2003.04.12"]
[Round "7.4"]
[White "Yeo, Michael J"]
[Black "Posazhennikov, Alex"]
[Result "1/2-1/2"]
[WhiteElo "2251"]
[BlackElo "2262"]
[PlyCount "70"]
[EventDate "2003.04.12"]

1. e4 Nf6 2. Nc3 d5 3. e5 d4 4. exf6 dxc3 5. fxg7 cxd2+ 6. Qxd2 Qxd2+ 7. Bxd2
Bxg7 8. O-O-O Nc6 9. Bc4 Ne5 10. Be2 Be6 11. Bc3 O-O 12. Nf3 Nxf3 13. Bxg7 Kxg7
14. Bxf3 c6 15. Rd4 Rad8 16. Rhd1 Rxd4 17. Rxd4 Bc8 18. Kd2 e5 19. Ra4 a6 20.
Ke3 f5 21. g3 Rf6 22. Rh4 Rd6 23. Be2 c5 24. f4 e4 25. g4 h6 26. Rh5 Kg6 27. g5
Kg7 28. Rxh6 Rxh6 29. gxh6+ Kxh6 30. a3 a5 31. Kd2 Be6 32. Ke3 Bf7 33. Kd2 Bh5
34. Bb5 Bf7 35. Be2 Bh5 1/2-1/2

[Event "4NCL/Div2/PPA1 vs. WES1"]
[Site "Telford ENG"]
[Date "2003.04.12"]
[Round "7.5"]
[White "Harley, Andrew"]
[Black "Corkett, Anthony R"]
[Result "1/2-1/2"]
[WhiteElo "2260"]
[BlackElo "2322"]
[PlyCount "22"]
[EventDate "2003.04.12"]

1. e4 g6 2. d4 c6 3. Nc3 d5 4. Nf3 Bg7 5. h3 Nf6 6. e5 Ng8 7. Bf4 h5 8. Qd2 b5
9. Bd3 e6 10. Nd1 Nd7 11. Ne3 Qb6 1/2-1/2

[Event "4NCL/Div2/PPA1 vs. WES1"]
[Site "Telford ENG"]
[Date "2003.04.12"]
[Round "7.6"]
[White "Upton, Ian J"]
[Black "Moore, Gerald"]
[Result "1/2-1/2"]
[WhiteElo "2224"]
[BlackElo "2238"]
[PlyCount "31"]
[EventDate "2003.04.12"]

1. Nf3 g6 2. d4 Nf6 3. Bf4 Bg7 4. e3 O-O 5. Be2 d6 6. h3 Nbd7 7. O-O Qe8 8. Bh2
e5 9. c4 Ne4 10. Nbd2 Nxd2 11. Qxd2 Qe7 12. Rac1 Re8 13. Rfd1 exd4 14. Nxd4 Nc5
15. Bf3 a5 16. b3 1/2-1/2

[Event "4NCL/Div2/PPA1 vs. WES1"]
[Site "Telford ENG"]
[Date "2003.04.12"]
[Round "7.7"]
[White "Byway, Paul"]
[Black "Wheeler, John F"]
[Result "1-0"]
[WhiteElo "2188"]
[BlackElo "2201"]
[PlyCount "133"]
[EventDate "2003.04.12"]

1. d4 d5 2. Nf3 Nf6 3. Bg5 e6 4. e3 Be7 5. Bd3 Nbd7 6. Nbd2 O-O 7. O-O b6 8. c3
Bb7 9. Qb1 h6 10. Bh4 c5 11. a4 a5 12. Re1 Rc8 13. h3 Re8 14. Bb5 Bc6 15. Bxc6
Rxc6 16. Qd3 Qa8 17. Qb5 Ne4 18. Bxe7 Rxe7 19. Nxe4 dxe4 20. Ne5 Nxe5 21. dxe5
Rd7 22. Red1 Rd5 23. c4 Rxd1+ 24. Rxd1 Qc8 25. Rd6 Rxd6 26. exd6 Qd8 27. Qc6
Kf8 28. Kf1 g6 29. Ke2 h5 30. h4 f5 31. g3 Kf7 32. Ke1 Kf8 33. Qc7 Ke8 34. Qg7
Qxd6 35. Qxg6+ Ke7 36. Qh7+ Kf8 37. Qxh5 Qd3 38. Qh8+ Kf7 39. Qc3 Qb1+ 40. Ke2
Qh1 41. Qe1 Qf3+ 42. Kd2 Qh5 43. Kc2 Qf3 44. Qd2 Ke7 45. Kb1 f4 46. exf4 e3 47.
Qxe3 Qd1+ 48. Qc1 Qxa4 49. h5 Qc6 50. h6 Qe4+ 51. Ka2 Kf7 52. Qc3 b5 53. f3 Qe2
54. cxb5 Qxb5 55. Qb3 Qc6 56. Qc4 Qxf3 57. Qxc5 Qxg3 58. Qc7+ Kg8 59. Qd8+ Kf7
60. h7 Qxf4 61. h8=Q Qa4+ 62. Kb1 Qe4+ 63. Kc1 Qc4+ 64. Qc3 Qf1+ 65. Qd1 Qf4+
66. Kb1 Qe4+ 67. Qcd3 1-0

[Event "4NCL/Div2/PPA1 vs. WES1"]
[Site "Telford ENG"]
[Date "2003.04.12"]
[Round "7.8"]
[White "Khoo, Teresa"]
[Black "Jiretorn, Eva"]
[Result "1/2-1/2"]
[WhiteElo "2076"]
[BlackElo "2106"]
[PlyCount "47"]
[EventDate "2003.04.12"]

1. e4 c5 2. Nf3 d6 3. c3 Nf6 4. Be2 g6 5. O-O Bg7 6. d3 O-O 7. Nbd2 Nc6 8. Re1
e5 9. a3 d5 10. b4 cxb4 11. cxb4 a6 12. Rb1 b5 13. exd5 Nxd5 14. Qc2 Nd4 15.
Nxd4 exd4 16. Bf3 Be6 17. Ne4 Rc8 18. Nc5 Qd6 19. Qd2 Nc3 20. Ra1 Bd5 21. Bxd5
Nxd5 22. Qg5 h6 23. Qg4 h5 24. Qf3 1/2-1/2

[Event "4NCL/Div2/GUI2 vs. ATH1"]
[Site "Telford ENG"]
[Date "2003.04.12"]
[Round "7.1"]
[White "Thompson, Ian D"]
[Black "Van de Grient, Jan W"]
[Result "0-1"]
[WhiteElo "2290"]
[BlackElo "2365"]
[PlyCount "78"]
[EventDate "2003.04.12"]

1. c4 Nf6 2. Nc3 g6 3. g3 Bg7 4. Bg2 d6 5. d3 c6 6. e4 Nbd7 7. Nge2 a6 8. O-O
O-O 9. h3 Rb8 10. Be3 Re8 11. Qd2 b5 12. Rad1 bxc4 13. dxc4 Ne5 14. b3 Bxh3 15.
c5 Bxg2 16. Kxg2 dxc5 17. Bxc5 Qa5 18. b4 Qc7 19. f4 Nc4 20. Qd4 Nb2 21. Rb1
Rbd8 22. Qe5 Qb7 23. Qg5 Nd3 24. Rfd1 h6 25. Qh4 e5 26. f5 g5 27. Qh1 Nxc5 28.
bxc5 Qe7 29. Qg1 Rxd1 30. Rxd1 Rd8 31. Rxd8+ Qxd8 32. Qb1 Bf8 33. Qb7 Qd7 34.
Qxa6 Bxc5 35. Qc4 Ba7 36. Kf3 Qd2 37. Qxc6 Qe3+ 38. Kg2 Qf2+ 39. Kh1 Qf1+ 0-1

[Event "4NCL/Div2/GUI2 vs. ATH1"]
[Site "Telford ENG"]
[Date "2003.04.12"]
[Round "7.2"]
[White "Spreeuw, Jaap"]
[Black "Jackson, Adrian"]
[Result "1-0"]
[WhiteElo "2313"]
[BlackElo "2232"]
[PlyCount "97"]
[EventDate "2003.04.12"]

1. c4 Nf6 2. Nc3 c5 3. Nf3 d5 4. cxd5 Nxd5 5. d4 cxd4 6. Qxd4 Nxc3 7. Qxc3 Nc6
8. e4 Bd7 9. Bd2 Qc7 10. Bc4 e6 11. Rc1 f6 12. O-O Bb4 13. Qe3 Bxd2 14. Nxd2
O-O 15. Nb3 Rae8 16. Rfd1 Kh8 17. Bb5 a6 18. Nc5 Rf7 19. Bc4 Bc8 20. Nd3 Rfe7
21. e5 fxe5 22. Re1 Qa5 23. Bb3 Rd8 24. Nxe5 Qxe5 25. Qxe5 Nxe5 26. Rxe5 g6 27.
Rec5 Bd7 28. Rc7 Rde8 29. Rxb7 Bb5 30. Rxe7 Rxe7 31. f3 Kg7 32. Kf2 Kf6 33. Rd1
Ke5 34. Ke3 g5 35. Rd8 Bf1 36. g3 Bb5 37. Rg8 Kf6 38. Rf8+ Kg7 39. Rd8 Kf6 40.
Rd6 Ke5 41. Rb6 Bf1 42. Bc2 Rd7 43. Be4 Bb5 44. f4+ gxf4+ 45. gxf4+ Kf6 46. f5
Re7 47. fxe6 Rxe6 48. Rxe6+ Kxe6 49. Bxh7 1-0

[Event "4NCL/Div2/GUI2 vs. ATH1"]
[Site "Telford ENG"]
[Date "2003.04.12"]
[Round "7.3"]
[White "Richardson, Keith B"]
[Black "Wade, Robert G"]
[Result "1-0"]
[WhiteElo "2141"]
[BlackElo "2213"]
[PlyCount "81"]
[EventDate "2003.04.12"]

1. c4 e6 2. Nf3 d5 3. b3 Nf6 4. Bb2 c5 5. g3 b6 6. Bg2 Bb7 7. cxd5 Nxd5 8. O-O
Nd7 9. d4 cxd4 10. Qxd4 Qf6 11. Qd2 Qg6 12. Nh4 Qg4 13. h3 Qb4 14. Qxb4 Bxb4
15. Bxg7 Rg8 16. Bb2 Rc8 17. Na3 Ba6 18. Bxd5 exd5 19. Rac1 Rxc1 20. Rxc1 Kd8
21. e3 Nf8 22. Nc2 Bc5 23. b4 Be7 24. Nf5 Ne6 25. Ncd4 Nxd4 26. Nxd4 Kd7 27. b5
Bb7 28. Nc6 Bxc6 29. Rxc6 Ra8 30. a4 Bd8 31. Bd4 h5 32. h4 Be7 33. Rh6 Rc8 34.
Rxh5 Rc4 35. Rxd5+ Ke6 36. Re5+ Kd6 37. Rf5 f6 38. h5 Ke6 39. g4 Rxa4 40. h6
Kf7 41. Rh5 1-0

[Event "4NCL/Div2/GUI2 vs. ATH1"]
[Site "Telford ENG"]
[Date "2003.04.12"]
[Round "7.4"]
[White "Spivack, Simon"]
[Black "Norman, Kenneth I"]
[Result "1-0"]
[WhiteElo "2162"]
[BlackElo "2141"]
[PlyCount "118"]
[EventDate "2003.04.12"]

1. e4 e5 2. Nf3 Nc6 3. Bb5 a6 4. Ba4 Nf6 5. O-O b5 6. Bb3 Be7 7. Qe2 O-O 8. c3
d6 9. d4 Bg4 10. Rd1 Qc8 11. h3 Bd7 12. Nbd2 h6 13. Nf1 Re8 14. Ng3 Bf8 15. Nh2
Na5 16. Bc2 Bc6 17. Ng4 Nxg4 18. hxg4 g6 19. b3 Bg7 20. Be3 Bb7 21. Rac1 Nc6
22. Bb1 Kh7 23. d5 Ne7 24. c4 b4 25. c5 Qd8 26. f3 Ng8 27. cxd6 cxd6 28. Qc4 a5
29. Qc7 Re7 30. Qxd8 Rxd8 31. Bb6 Ra8 32. Bc7 Rd7 33. Bd3 Ba6 34. Rc6 Bxd3 35.
Rxd3 Bf8 36. Nf1 Ne7 37. Rc4 f5 38. gxf5 gxf5 39. Bb6 Ra6 40. Bf2 fxe4 41. fxe4
Ng6 42. Rf3 Ra8 43. g3 Be7 44. Re3 Bg5 45. Re2 Kg7 46. Rec2 Kf7 47. Nh2 h5 48.
Nf3 Be7 49. Be3 h4 50. g4 Nf4 51. Bxf4 exf4 52. e5 Kg8 53. e6 Rb7 54. Rxf4 a4
55. Rf7 axb3 56. axb3 Rf8 57. Rxf8+ Kxf8 58. Nd4 Kg7 59. Rc4 Bf6 1-0

[Event "4NCL/Div2/GUI2 vs. ATH1"]
[Site "Telford ENG"]
[Date "2003.04.12"]
[Round "7.5"]
[White "Anderton, Matthew N"]
[Black "Quinn, John M"]
[Result "1-0"]
[WhiteElo "2202"]
[BlackElo "2196"]
[PlyCount "177"]
[EventDate "2003.04.12"]

1. e4 c5 2. c3 d6 3. d4 Nd7 4. Bd3 e5 5. Nf3 Ngf6 6. O-O Be7 7. Nbd2 O-O 8. h3
cxd4 9. cxd4 exd4 10. Nxd4 Ne5 11. Bc2 d5 12. N4f3 Nxf3+ 13. Qxf3 Qc7 14. Bb3
Qe5 15. exd5 Bd6 16. Qg3 Qxd5 17. Bxd5 Bxg3 18. Bxf7+ Rxf7 19. fxg3 Bd7 20. Nf3
Re7 21. Bg5 Re2 22. Rad1 Bc6 23. Bxf6 gxf6 24. Rf2 Rae8 25. Nd4 Rxf2 26. Kxf2
Rd8 27. Rd2 Kf7 28. g4 Rd5 29. Nf3 Rc5 30. Ke3 Rc1 31. Nd4 Ba4 32. b3 Bd7 33.
Ne2 Rc7 34. Nf4 Bc6 35. Rd6 Re7+ 36. Kf2 Re5 37. Nh5 Rc5 38. Rxf6+ Ke7 39. Rh6
Rc2+ 40. Ke3 Rxa2 41. Rxh7+ Kd6 42. Nf4 Rb2 43. Rh6+ Kd7 44. g5 Rxb3+ 45. Kd4
a5 46. g6 Rg3 47. Rh7+ Kd6 48. g7 a4 49. Nh5 Rg5 50. Rh8 Bd5 51. Nf6 a3 52.
Rd8+ Ke7 53. Rxd5 Rxg7 54. Ng4 b6 55. Re5+ Kd6 56. Re2 Ra7 57. Ra2 b5 58. Kc3
Kc5 59. Kb3 b4 60. Rc2+ Kb5 61. Rf2 Rd7 62. Rf5+ Kb6 63. Rf6+ Kb5 64. Rf5+ Kb6
65. Kxb4 a2 66. Rb5+ Kc6 67. Ra5 Rd2 68. g3 Rg2 69. Kc4 Rxg3 70. Nf2 Rf3 71.
Ra6+ Kd7 72. Rxa2 Ke6 73. Nd3 Rg3 74. Rf2 Ke7 75. h4 Rh3 76. Rf4 Ke6 77. Kd4
Ke7 78. Ke4 Ke6 79. Ne5 Rh1 80. Nf3 Ke7 81. Kf5 Kf7 82. Kg5+ Kg7 83. h5 Ra1 84.
Rf5 Ra2 85. Ne5 Rg2+ 86. Ng4 Rg1 87. h6+ Kg8 88. Rf4 Rg2 89. Kg6 1-0

[Event "4NCL/Div2/GUI2 vs. ATH1"]
[Site "Telford ENG"]
[Date "2003.04.12"]
[Round "7.6"]
[White "Gruettner, Ralf"]
[Black "Coates, Kenneth G"]
[Result "1/2-1/2"]
[WhiteElo "2053"]
[BlackElo "2169"]
[PlyCount "80"]
[EventDate "2003.04.12"]

1. d4 Nf6 2. c4 c6 3. Nc3 d5 4. cxd5 cxd5 5. Nf3 Nc6 6. Bf4 Bf5 7. e3 e6 8. Bb5
Nd7 9. O-O Be7 10. Rc1 Rc8 11. Bxc6 bxc6 12. Na4 O-O 13. Ne5 Nxe5 14. Bxe5 Qa5
15. a3 Qb5 16. Rc3 Rfd8 17. f3 f6 18. Bg3 c5 19. dxc5 Bxc5 20. Nxc5 Rxc5 21.
Qd2 Rxc3 22. Qxc3 e5 23. Rc1 a5 24. Be1 a4 25. Qa5 Qxa5 26. Bxa5 Rd7 27. Rc7
Kf7 28. Kf2 Rxc7 29. Bxc7 Bd3 30. f4 Ke6 31. fxe5 fxe5 32. Ke1 Kf5 33. Kd2 Bc4
34. h4 Ke4 35. g3 Bb3 36. Bb8 h5 37. Bc7 d4 38. exd4 Kxd4 39. Bb8 e4 40. Bf4
Kd5 1/2-1/2

[Event "4NCL/Div2/GUI2 vs. ATH1"]
[Site "Telford ENG"]
[Date "2003.04.12"]
[Round "7.7"]
[White "Briscoe, Christopher"]
[Black "Roberts, Jason"]
[Result "1-0"]
[WhiteElo "2187"]
[BlackElo "2119"]
[PlyCount "129"]
[EventDate "2003.04.12"]

1. e4 e6 2. d4 d5 3. Nd2 Nf6 4. e5 Nfd7 5. c3 c5 6. f4 Nc6 7. Ndf3 cxd4 8. cxd4
f5 9. Bd3 Be7 10. Ne2 a6 11. h3 Nb6 12. O-O Bd7 13. Bd2 O-O 14. g4 g6 15. b3
Ba3 16. Bc1 Qe7 17. gxf5 gxf5 18. Ng3 Bxc1 19. Rxc1 Be8 20. Kh2 Kh8 21. a4 Nb4
22. Be2 Rc8 23. Qd2 Rxc1 24. Rxc1 Nc6 25. Ne1 Rg8 26. Nf3 Bd7 27. Nh5 Rg6 28.
Nf6 h6 29. Nh4 Rxf6 30. Bh5 Kh7 31. exf6 Qxf6 32. Nf3 Nc8 33. Rg1 N8e7 34. Qf2
b5 35. axb5 axb5 36. Qg2 b4 37. Ne5 Nxe5 38. fxe5 Qf8 39. Be2 Qg8 40. Qxg8+
Nxg8 41. Rc1 Be8 42. Rc7+ Kg6 43. Kg3 h5 44. Rc8 Bf7 45. Rb8 Nh6 46. Kf4 Ng8
47. Rxb4 Ne7 48. Rb6 Kh6 49. Bb5 Ng6+ 50. Kf3 Kg5 51. Ra6 Nh4+ 52. Kf2 Kf4 53.
Ra7 Bg6 54. Be2 Ke4 55. Kg3 Ke3 56. Ra2 Kxd4 57. Kxh4 f4 58. Bxh5 Be4 59. b4
Kc4 60. Kg5 Kxb4 61. Kxf4 Kc3 62. Bg4 Bb1 63. Ra1 Bc2 64. Rc1 d4 65. Rxc2+ 1-0

[Event "4NCL/Div2/GUI2 vs. ATH1"]
[Site "Telford ENG"]
[Date "2003.04.12"]
[Round "7.8"]
[White "Milligan, Helen"]
[Black "Muller, Anne"]
[Result "1-0"]
[WhiteElo "2111"]
[BlackElo "2173"]
[PlyCount "91"]
[EventDate "2003.04.12"]

1. e4 c5 2. Nf3 d6 3. d4 cxd4 4. Nxd4 Nf6 5. Nc3 Nc6 6. Bg5 e6 7. Qd2 a6 8.
O-O-O Bd7 9. f4 h6 10. Bxf6 Qxf6 11. g3 Qd8 12. Be2 Qc7 13. Rhf1 Be7 14. Kb1
O-O-O 15. h4 Kb8 16. Nb3 Na5 17. Nxa5 Qxa5 18. Rf3 Bc6 19. Rd3 g5 20. Qe1 Rhg8
21. Qf2 gxh4 22. gxh4 Rg7 23. Bf3 Rdg8 24. a3 Qc5 25. Qe2 Rg1 26. h5 Bf6 27.
Qd2 Rxd1+ 28. Nxd1 Be7 29. Nc3 Rg1+ 30. Nd1 f5 31. Rc3 Qb6 32. Rb3 Qc5 33. Rc3
Qa5 34. Qd4 Rg8 35. exf5 Bxf3 36. Rxf3 Qxf5 37. Rb3 Rc8 38. Nc3 Qc5 39. Qe4 Qc7
40. Qxe6 Bf8 41. f5 Qc6 42. Qg6 Qf3 43. f6 d5 44. Qf7 d4 45. Nd5 Qf1+ 46. Ka2
1-0

[Event "4NCL/Div2/AD2 vs. NWE1"]
[Site "Telford ENG"]
[Date "2003.04.12"]
[Round "7.1"]
[White "Wheeler, Darren P"]
[Black "Hanley, Craig A"]
[Result "1/2-1/2"]
[WhiteElo "2210"]
[BlackElo "2375"]
[PlyCount "86"]
[EventDate "2003.04.12"]

1. e4 e6 2. d4 d5 3. Nc3 Nf6 4. Bg5 dxe4 5. Nxe4 Be7 6. Bxf6 gxf6 7. Nf3 a6 8.
c4 f5 9. Nc3 Bf6 10. Qd2 c5 11. Rd1 cxd4 12. Nxd4 O-O 13. Be2 Qc7 14. Qh6 Bg7
15. Qh4 Nc6 16. Nxc6 bxc6 17. Rd3 Rb8 18. Nd1 Qe5 19. f4 Qf6 20. Qxf6 Bxf6 21.
b3 c5 22. Bf3 Bd4 23. Ne3 a5 24. Nc2 Bf6 25. Ke2 a4 26. h3 Bb7 27. g4 Bxf3+ 28.
Rxf3 fxg4 29. hxg4 axb3 30. axb3 Ra8 31. Rd1 Rfb8 32. Rd2 Ra2 33. Ne1 Ra1 34.
Rd1 Ra3 35. Rdd3 Re8 36. Rh3 e5 37. fxe5 Rxe5+ 38. Rhe3 Ra2+ 39. Kf3 Rg5 40.
Re8+ Kg7 41. Kf4 Rg6 42. Rd5 Bd4 43. Nf3 Rf6+ 1/2-1/2